000 03469nac a22003971u 4500
008 100527t xxu||||| |||| 00| 0 eng d
020 _a0194702278
082 _a428.24
_bSOA
_222
100 _aSoars, Liz.
_914294
245 _aNew headway English course : Cassette/
_cLiz & John Soars
_b Intermediate
260 _aOxford :
_bOxford University Press,1996
_cc1996
300 _a1 Sound Cassette :
_banalog, stereo ;
_c7 1/4 x 3 1/2 in.
511 _aCatalogued by: Sara
650 _aEnglish language
_vTextbooks for foreign speakers.
_914295
650 _aEnglish language
_vProblems, exercises, etc.
_xGrammar
_914296
700 _aSoars, John.
_914298
942 _cCT
_k428.24SOA
_2ddc
999 _c5234
_d5234